000 01837ngm a2200385 4500
003 dpl
005 20080723110517.0
007 DVD
008 ||||||sp199 xxu|||||c|||| 00| 0 eng d
010 _aDVD-000947 DVD-001566-1567
024 _aEDVD-A7903
_c499.00
035 _aDVD-000947 DVD-001566-1567
040 _aDPL
_cDPL
082 _aDVD / ALEX
245 _aAlexander :
_cIntermedia Films Presents
_h[videorecording] DVD/
_bFortune Favors The Bold
260 _bInter Media Films
300 _a1 videodisc DVD;
_bsd., col. ;
_c4 3/4 in.
_fDVD
440 _aEagle Home Entertainment
500 _aThis DVD is Copy Protected
500 _aThe Greatest Legend of All Was Real
538 _iLanguage: Dolby Digital 5.1-English, Russian Subtitles: English, Russian
538 _aAspect Ratio: 1.85:1, Presentation type: Full Frame Presentation Size 4x3, Format DVD 9 Dual Layer Single Sided Disc.
650 _aMotion Picture
700 _aStone, Oliver
700 _aFarrel, Colin
700 _aJolie, Angelina
700 _aKilmer, Val
700 _aHopkins, Anthony
700 _aBeavan, Jenny
942 _cCF
_2ddc
_hDVD
_mALEX
999 _c16755
_d16755